FIFA 23 TOTW 18 - Statistics

General Stats
  • This quiz has been taken 4 times
  • The average score is 6 of 23
Answer Stats
rat pos club player % Correct
TOTW Starter 87 GK Borussia Dortmund Gregor Kobel
75%
TOTW Starter 92 ST Paris Saint-Germain Lionel Messi
75%
TOTW Starter 86 CB Tottenham Hotspur Cristian Romero
50%
TOTW Starter 87 CDM West Ham United Declan Rice
50%
TOTW Starter 86 CB Atlético Madrid José María Giménez
50%
TOTW Starter 87 RW Manchester City Phil Foden
50%
TOTW Starter 88 CAM Bayern Munich Thomas Müller
50%
TOTW Starter 87 CM Napoli André-Frank Zambo Anguissa
25%
TOTW Starter 86 CF Salernitana Antonio Candreva
25%
TOTW Starter 86 RB Burnley Connor Roberts
25%
TOTW Reserve 86 LB Leeds United Junior Firpo
25%
TOTW Reserve 84 RM Stade Reims Junya Ito
25%
TOTW Reserve 84 GK Strasbourg Matz Sels
25%
TOTW Starter 86 RM Bologna Riccardo Orsolini
25%
TOTW Reserve 79 ST Ross County Eamonn Brophy
0%
TOTW Reserve 79 CDM Salford City Elliot Watt
0%
TOTW Reserve 82 LM Seattle Sounders Jordan Morris
0%
TOTW Reserve 83 CAM Mainz 05 Lee Jae Sung
0%
TOTW Reserve 83 LM Dinamo Zagreb Luka Ivanušec
0%
TOTW Reserve 86 ST RCD Espanyol Martin Braithwaite
0%
TOTW Reserve 81 ST Talleres de Cordoba Michael Santos
0%
TOTW Reserve 83 CB UD Almería Rodrigo Ely
0%
TOTW Reserve 82 ST OGC Nice Terem Moffi
0%
No matching quizzes found
Score Distribution
Percent of People with Each Score
Percentile by Number Answered
Your Score History
You have not taken this quiz